| 000 | 004450000a22001810004500 | ||
|---|---|---|---|
| 041 | 0 | _aENG | |
| 082 | 0 | 4 | _aG 253.52 S876p |
| 100 | 1 | _aStolz, Karl | |
| 245 | 1 | 0 | _aPastoral psychology / Karl R. Stolz |
| 250 | _aEd. Revised | ||
| 260 | _aNew York, N.Y., USA : Abingdon | ||
| 300 | _a284 Pag | ||
| 001 | 11901 | ||
| 942 | _cBK | ||
| 999 |
_c40966 _d40966 |
||
| 336 |
_atexto _btxt _2rdacontent |
||
| 337 |
_2rdamedia _asin mediación _bn |
||
| 338 |
_2rdacarrier _avolumen _bnc |
||